000 00494nam a2200181 a 4500
001 BRCA_1207
005 20190320203328.0
008 010228s1990 ---a---###---#001-0#eng-#
020 _a1852381108
050 4 _aTT871
_b.H34 1999
100 1 _aHaines, Susanne
_93965
245 1 0 _aPapier maché
_cSusanne Haines.
260 _aLondres
_bCharles Letts
_c1990
300 _a96 p.
_bil. a color
_c26 cm.
500 _aIncluye índice alfabético
650 1 4 _aCartón piedra
_93966
942 _2lcc
_cB
999 _c1080
_d1080